000
00301nam a22001337a 4500
008
210226b ||||| |||| 00| 0 eng d
020
_a
9781583902844
041
_a
eng
080
_a
510
100
_a
37
101
_a
MAT
245
_a
Ordinary Differential Equations
_c
Becker,C.L
942
_2
udc
_c
BK
999
_c
55270
_d
55270